000 00514nam a2200169Ia 4500
005 20250508163347.0
008 008 250505s9999 xx 000 0 eng d
037 _aBooks to be hide in OPAC
040 _aFEDL
_beng
_cFEDL
041 _aeng
_2eng
084 _a745.51, NCE/O
_qFEDL
245 0 _aElementary bamboo work
260 _aNew Delhi, India
_bNational Council of Educational Research and Training
_c1966
300 _ax,111p.
942 _cHB
_h745.51, NCE/O
999 _c1382555
_d1382555